<?xml version="1.0" encoding="UTF-8"?>
<record
    xmlns:xsi="http://www.w3.org/2001/XMLSchema-instance"
    xsi:schemaLocation="http://www.loc.gov/MARC21/slim http://www.loc.gov/standards/marcxml/schema/MARC21slim.xsd"
    xmlns="http://www.loc.gov/MARC21/slim">

  <leader>01019nam a2200253 i 4500</leader>
  <controlfield tag="001">13077</controlfield>
  <controlfield tag="003">ES-MaACL</controlfield>
  <controlfield tag="005">20230906150503.0</controlfield>
  <controlfield tag="007">t|</controlfield>
  <controlfield tag="008">880311s1987    sp           ||||0| spa</controlfield>
  <datafield tag="020" ind1=" " ind2=" ">
    <subfield code="a">84-404-0465-4</subfield>
  </datafield>
  <datafield tag="080" ind1=" " ind2=" ">
    <subfield code="a">860 Unamuno, Miguel de 2.06</subfield>
  </datafield>
  <datafield tag="245" ind1="0" ind2="3">
    <subfield code="a">La poes&#xED;a de Miguel de Unamuno / </subfield>
    <subfield code="c">edici&#xF3;n a cargo de Jos&#xE9; &#xC1;ngel Ascunce Arrieta.</subfield>
  </datafield>
  <datafield tag="260" ind1=" " ind2=" ">
    <subfield code="a">San Sebasti&#xE1;n : </subfield>
    <subfield code="b">Universidad de Deusto, Facultad de Filosof&#xED;a y Letras,</subfield>
    <subfield code="c">[1987]</subfield>
  </datafield>
  <datafield tag="300" ind1=" " ind2=" ">
    <subfield code="a">375 p ; </subfield>
    <subfield code="c">22 cm.</subfield>
  </datafield>
  <datafield tag="490" ind1="1" ind2=" ">
    <subfield code="a">Cuadernos universitarios. Departamento de literatura ; </subfield>
    <subfield code="v">3</subfield>
  </datafield>
  <datafield tag="594" ind1=" " ind2=" ">
    <subfield code="a">Volumen homenaje en el cincuentenario de la muerte de Miguel de Unamuno (1936-1986)</subfield>
  </datafield>
  <datafield tag="600" ind1="1" ind2="4">
    <subfield code="a">Unamuno, Miguel de,</subfield>
    <subfield code="d">1864-1936-</subfield>
    <subfield code="x">Poes&#xED;a</subfield>
    <subfield code="9">111989</subfield>
  </datafield>
  <datafield tag="700" ind1="1" ind2=" ">
    <subfield code="a">Ascunce Arrieta, Jos&#xE9; &#xC1;ngel.</subfield>
    <subfield code="9">23553</subfield>
  </datafield>
  <datafield tag="710" ind1="2" ind2=" ">
    <subfield code="a">Universidad de Deusto. </subfield>
    <subfield code="b">Facultad de Filosof&#xED;a y Letras.</subfield>
    <subfield code="9">7173</subfield>
  </datafield>
  <datafield tag="830" ind1="1" ind2=" ">
    <subfield code="a">Cuadernos universitarios. Departamento de literatura ; </subfield>
    <subfield code="v">3</subfield>
    <subfield code="9">179413</subfield>
  </datafield>
  <datafield tag="852" ind1=" " ind2=" ">
    <subfield code="a">ES-MaACL</subfield>
    <subfield code="j">L-20365</subfield>
  </datafield>
  <datafield tag="999" ind1=" " ind2=" ">
    <subfield code="c">13077</subfield>
    <subfield code="d">13077</subfield>
  </datafield>
  <datafield tag="952" ind1=" " ind2=" ">
    <subfield code="0">0</subfield>
    <subfield code="1">0</subfield>
    <subfield code="4">0</subfield>
    <subfield code="7">0</subfield>
    <subfield code="a">ATENEOM</subfield>
    <subfield code="b">ATENEOM</subfield>
    <subfield code="c">DEPO2</subfield>
    <subfield code="d">2008-01-17</subfield>
    <subfield code="e">SC</subfield>
    <subfield code="l">0</subfield>
    <subfield code="o">L-20365</subfield>
    <subfield code="p">1013317</subfield>
    <subfield code="r">2023-02-23 00:00:00</subfield>
    <subfield code="w">2023-02-23</subfield>
    <subfield code="y">MONOGRAFIA</subfield>
  </datafield>
</record>
